00960nab a22002297a 4500003000400000005001700004008004100021040000700062100002800069245008600097260007300183300001200256500003700268505007300305505008200378650001800460650002100478650003500499650002400534650001900558773015300577OSt20251222122437.0190429b xxu||||| |||| 00| 0 spa d cPJ aCerutti, Nahuel Eduardo13aLos alcances de la verdad en un sistema de garantías /cNahuel Eduardo Cerutti. cCiudad Autónoma de Buenos Aires :aThomson Reuters La Ley, b2025. ap. 5-14 aCita: TR LALEY AR/DOC/1907/2025. aSumario: I. Introducción.— II. Desarrollo.— III. Conclusión. tSi te interesa el texto completo, solicitalo a koha@justierradelfuego.gov.ar  0aDERECHO PENAL 0aDERECHOS HUMANOS 0aGARANTIAS CONSTITUCIONALES › 0aDERECHO A LA VERDAD 0aDEBIDO PROCESO0 02658tRevista de derecho penal y criminología. Nº8 - Septiembre 2025dCiudad Autónoma de Buenos Aires : Thomson Reuters La Ley, 2017-x00347914